Kladivo na čaroděje. Slepý hon /
První díl hororově laděné paranormální detektivní série zasazené do českých reálií. Inkvizice, mágové, zabijáci, psychopati, upíři, démoni a jiné podivnosti v kulisách Prahy.
Uloženo v:
| Série: | Kladivo na čaroděje,
část |
|---|---|
| Hlavní autor: | |
| Médium: | E-kniha |
| Jazyk: | Czech |
| Vydáno: |
Praha :
Epocha s.r.o.,
2024
|
| Vydání: | Druhé vydání, v Nakladatelství Epocha první |
| Edice: | Fantastická Epocha
|
| Témata: | |
| Příbuzné jednotky: | Z cyklu::
Kladivo na čaroděje |
| Tagy: |
Žádné tagy |
| LEADER | 02865nam a2200469 i 4500 | ||
|---|---|---|---|
| 001 | 312437 | ||
| 003 | CZ PrSKC | ||
| 005 | 20260601215722.0 | ||
| 007 | ta | ||
| 008 | 240621s2024 xr g 000 f cze | ||
| 015 | |a cnb003612711 | ||
| 020 | |a 9788027801961 |q (brožováno) : |c Kč 179,00 | ||
| 035 | |a (OCoLC)1522999611 | ||
| 040 | |a ABG001 |b cze |e rda | ||
| 072 | 7 | |a 821.162.3-3 |x Česká próza |2 Konspekt | |
| 080 | |a 821.162.3-31 |2 MRF | ||
| 080 | |a (0:82-312.9) |2 MRF | ||
| 080 | |a (0:82-312.4) |2 MRF | ||
| 100 | 1 | |a Pavlovský, Jiří, |d 1968- |7 mzk2003213976 |4 aut | |
| 245 | 1 | 0 | |a Kladivo na čaroděje. |p Slepý hon / |c Jiří Pavlovský |
| 246 | 3 | 0 | |a Slepý hon |
| 250 | |a Druhé vydání, v Nakladatelství Epocha první | ||
| 264 | 1 | |a Praha : |b Epocha s.r.o., |c 2024 | |
| 300 | |a 134 stran ; |c 20 cm | ||
| 336 | |a text |b txt |2 rdacontent | ||
| 337 | |a bez média |b n |2 rdamedia | ||
| 338 | |a svazek |b nc |2 rdacarrier | ||
| 490 | 1 | |a Fantastická Epocha ; |v 147. svazek | |
| 520 | 2 | |a První díl hororově laděné paranormální detektivní série zasazené do českých reálií. Inkvizice, mágové, zabijáci, psychopati, upíři, démoni a jiné podivnosti v kulisách Prahy. |b Začalo to docela nenápadně - hrou na slepou bábu, která nabrala dost temný nádech. Ale osleplé děti byly jen začátek. Brzy začne do našeho světa pronikat naštvaná minulost, po ulicích řádí podivní zabijáci a mrtvých přibývá. Tým Felixe Jonáše vyráží do akce proti hrozbě, která přesahuje nejen jejich síly, ale i chápaní. Kdo by kdy řekl, že největším ohrožením našeho vesmíru jsou Erben a Němcová. Kladivo na čaroděje vás zavede do našeho světa, jak ho neznáte... a jak ho ani netoužíte poznat. Alespoň ne na vlastní kůži. Světa magie, temných přízraků, oživlých mrtvol, zabijáků, démonů, psychopatů, nekrofilů, upírů - a to mluvíme jen o kladných hrdinech. Ti, proti kterým bojují, jsou ještě mnohem horší... Nakladatelská anotace. | |
| 655 | 7 | |a české romány |7 fd133974 |2 czenas | |
| 655 | 7 | |a fantasy romány |7 fd184199 |2 czenas | |
| 655 | 7 | |a horory (romány) |7 fd184202 |2 czenas | |
| 655 | 9 | |a Czech fiction |2 eczenas | |
| 655 | 9 | |a fantasy novels |2 eczenas | |
| 655 | 9 | |a horror novels |2 eczenas | |
| 787 | 0 | 8 | |i Z cyklu: |t Kladivo na čaroděje |
| 830 | 0 | |a Fantastická Epocha | |
| 900 | |a ABA001 |b 20 | ||
| 044 | |a xr | ||
| 910 | |a RBIT002 | ||
| 998 | |d 406828 |a https://core.palmknihy.cz/api/books/406828/cover?sfdb23 |b https://core.palmknihy.cz/api/books/406828/cover/400?sfdb23 |c https://core.palmknihy.cz/api/books/406828/cover/50?sfdb23 |e 2029-06-19 |g 136 |i 9788027801961 |j https://core.palmknihy.cz/api/books/406828/preview.epub |k https://core.palmknihy.cz/api/books/406828/preview.pdf |l |q 49 |r 1 |s https://www.palmknihy.cz/kniha/406828 |t ebook |y 2024 |z 0 |v Kladivo na čaroděje |w 0 | ||
| 999 | |d 312435 | ||